|
|
|
|
| LEADER |
00000nam0a2200000 4500 |
| 001 |
169230 |
| 005 |
20231031163343.0 |
| 010 |
|
|
|a 5020105309
|
| 020 |
|
|
|a RU
|b 91-23784
|
| 035 |
|
|
|a (RuTPU)RU\TPU\book\183569
|
| 090 |
|
|
|a 169230
|
| 100 |
|
|
|a 20091109d1991 m a0rusy5003 ca
|
| 101 |
0 |
|
|a rus
|
| 102 |
|
|
|a RU
|
| 105 |
|
|
|a a z 001zy
|
| 200 |
1 |
|
|a Капиталистический рынок оборудования: проблема конкурентоспособности
|f Ф. М. Журавский, Е. К. Семенов
|g Академия наук СССР (АН СССР), Институт мировой экономики и международных отношений (ИМЭМО)
|
| 210 |
|
|
|a Москва
|c Наука
|d 1991
|
| 215 |
|
|
|a 157,[2] с.
|c ил.
|d 21 см
|
| 225 |
1 |
|
|a Экономика капиталистических стран
|
| 320 |
|
|
|a Библиогр. в примеч.: с. 156-158.
|
| 610 |
1 |
|
|a промышленное оборудование
|
| 610 |
1 |
|
|a промышленная продукция
|
| 610 |
1 |
|
|a конкурентоспособность
|
| 610 |
1 |
|
|a капиталистические страны
|
| 610 |
1 |
|
|a рынки
|
| 686 |
|
|
|a У884.3
|2 rubbk
|
| 700 |
|
1 |
|a Журавский
|b Ф. М.
|g Феликс Маркович
|4 070
|
| 701 |
|
1 |
|a Семенов
|b Е. К.
|g Евгений Константинович
|4 070
|
| 712 |
0 |
2 |
|a Академия наук СССР (АН СССР)
|b Институт мировой экономики и международных отношений (ИМЭМО)
|c (Москва)
|2 stltpush
|3 (RuTPU)RU\TPU\col\11484
|
| 801 |
|
0 |
|a RU
|b RuMRKP
|c 19950417
|g psbo
|
| 801 |
|
1 |
|a RU
|b 63413507
|c 20091109
|
| 801 |
|
2 |
|a RU
|b 63413507
|c 20100628
|g RCR
|
| 942 |
|
|
|c BK
|